JRD hospodárské a organizačné otázky

Guardado en:
Detalles Bibliográficos
Formato: Libro
Lenguaje:eslovaco
Publicado: Bratislava Oráč 1951
Etiquetas: Agregar Etiqueta
Sin Etiquetas, Sea el primero en etiquetar este registro!

MARC

LEADER 00000nam a2200000 4500
001 0312137
005 20250912114149.2
041 0 |a slo 
044 |a SK 
245 1 0 |a JRD  |b hospodárské a organizačné otázky 
264 1 |a Bratislava  |b Oráč  |c 1951